000 00606cam a2200205u 4500
001 000019084
005 20200929165921.0
008 830107s1957 sp 000 0 spa
010 _a74230571
040 _aDO-SdBNP
_cCarP
_dDLC
043 _aa-ph---
050 0 0 _aJQ1406.L3
_bP55
100 1 _aPinar, Blas.
_941063
245 1 0 _aFilipinas, pais hispanico.
260 _aMadrid, :
_bEdiciones Cultura Hispanica,
_c1957.
300 _a31 p. ;
_c22 cm.
651 0 _aPhilippines
_xLanguages.
_941064
650 0 _aLanguage and languages
_xPolitical aspects.
_941065
910 _aCatalogación derivada / LC
999 _c18602
_d18602